000
00310nam a22001217a 4500
008
180504b xxu||||| |||| 00| 0 eng d
041
_a
eng
080
_a
043.3
100
_a
0
101
_a
SHKI-MTH
245
_a
Përdorimi i internetit në zonat rurale dhe urbane në Kosovë
_c
Klinaku,S.B
942
_2
udc
_c
BK
999
_c
45675
_d
45675